Normal view MARC view
  • NetRegs

Entry Corporate Name

Number of records used in: 2

001 - CONTROL NUMBER

  • control field: 5113

003 - CONTROL NUMBER IDENTIFIER

  • control field: SIRSI

005 - DATE AND TIME OF LATEST TRANSACTION

  • control field: 20190806150240.0

008 - FIXED-LENGTH DATA ELEMENTS

  • fixed length control field: 070205n| aaannaabn |n ana d

040 ## - CATALOGING SOURCE

  • Original cataloging agency: OSt
  • Transcribing agency: OSt

110 2# - HEADING--CORPORATE NAME

  • Corporate name or jurisdiction name as entry element: NetRegs

670 ## - SOURCE DATA FOUND

  • Source citation: Site waste, [2007?]